[Event "Arapiraca Lopez Memorial 1st"]
[Site "Arapiraca"]
[Date "2016.??.??"]
[Round "3"]
[White "Ferreira, Ney Mauro"]
[Black "Da Silva, Aderlan Pontes"]
[Result "1-0"]
[WhiteElo "1787"]
[BlackElo "1762"]
[PlyCount "116"]
[EventDate "2016.07.16"]
[EventType "swiss"]
[EventRounds "6"]
[EventCountry "BRA"]
[SourceTitle "EXT 2017"]
[Source "ChessBase"]
[SourceDate "2016.10.25"]
[SourceVersion "1"]
[SourceVersionDate "2016.10.25"]
[SourceQuality "1"]

1. e4 e5 2. d4 exd4 3. Nf3 Nf6 4. Bc4 Bb4+ 5. c3 dxc3 6. Nxc3 d6 7. 0-0 Bg4 8. Qe2 0-0 9. Nd5 Nxd5 10. Bxd5 c6 11. Bb3 Nd7 12. h3 Bh5 13. Qc4 Bc5 14. Be3 Bxf3 15. gxf3 Qh4 16. Kh2 Ne5 17. Qe2 Rae8 18. Bxc5 dxc5 19. Rg1 Qf4+ 20. Rg3 c4 21. Bxc4 Rd8 22. Rag1 g6 23. Kh1 Rd2 24. Qf1 Nxf3 25. R3g2 Qxe4 26. Rg4 Qf5 27. R1g3 Re8 28. Qg2 Re1+ 29. Bf1 Rdd1 30. Rxf3 Rxf1+ 31. Kh2 Qe5+ 32. Rgf4 Rh1+ 33. Qxh1 Rxh1+ 34. Kxh1 f5 35. h4 Qd5 36. h5 g5 37. Rxf5 Qe4 38. Kh2 Qh4+ 39. Rh3 Qe4 40. Rxg5+ Kf8 41. Rhg3 Qh4+ 42. Kg2 Qe4+ 43. Rf3+ Ke7 44. Rg7+ Kd6 45. Rxb7 a5 46. h6 c5 47. Rbf7 Kc6 48. R7f6+ Kb5 49. Kg3 Qe5+ 50. R6f4 Qxb2 51. Rb3+ Qxb3+ 52. axb3 Kb6 53. Rf7 c4 54. bxc4 a4 55. Rxh7 a3 56. Rb7+ Kxb7 57. h7 a2 58. h8Q Kc6 1-0